000 00891nam a2200313Ia 4500
005 20250425161858.0
008 250425s9999 xx 000 0 und d
020 _a8480882913
041 _aspa
043 _asp
082 _a658.4092
100 _aKATZENBACH, JON R.
245 0 _aEQUIPOS DE ALTA DIRECCION: COMO MAXIMIZAR LA CAPACIDAD DE LIDERAZGO TANTO DE LOS EQUIPOS COMO DE LOS INDIVIDUOS
250 _a1A ED.
260 _aBARCELONA
260 _aEspaña
_bGESTION 2000
_c1999
300 _a294
500 _aTítulo Traducido: TEAMS AT THE TOP
650 _aCAPACIDAD
650 _aDIRECCION DE EMPRESAS
650 _aDIRECCION Y ADMINISTRACION
650 _aDIRECCIONAMIENTO ESTRATEGICO
650 _aLIDERAZGO
650 _aORGANIZACION
700 _aJORGE CARDENAS NANNETTI
_etraductor
710 _aGESTION 2000 S.A.
942 _c01
010 _a33395
999 _c217989
_d217989